Rembrandt.

Guardado en:
Formato: Deslizar
Materias:
Etiquetas: Agregar Etiqueta
Sin Etiquetas, Sea el primero en etiquetar este registro!
LEADER 00775ngm a22002415g 4500
001 CEM.cems022408
008 130507b1999##################0###0#####d
005 20241031200148.0
245 0 0 |a Rembrandt. 
300 |a 29'. 
500 |a En soporte VHS, consultar en ventanilla. 
505 0 |a El autorretrato. La técnica del claroscuro. La representación de la melancolía. 
538 |a Soporte: VHS - Norma: Pal N - Color: Si - Grabación DRD 1999 - Hitachi=3800 
082 9 3 |/ PIN-2 
653 |a ARTE 
653 |a PINTURA 
653 |a PINTURA RENACENTISTA 
653 |a REMBRANDT 
653 |a AUTORRETRATO 
653 |a CLAROSCURO 
653 |a NIVEL PRIMARIO 
653 |a NIVEL SECUNDARIO 
859 |a CEMS  |b BIB. CEMS - Depto. Recursos Didacticos  |h 932  |i PIN-2  |k DRD  |p 1051.12  |t Ej.1